Batman V. Superman: Dawn Of Justice (2016) Characters - Statistics

General Stats
  • This quiz has been taken 61 times
  • The average score is 8 of 14
Answer Stats
Hint Answer % Correct
Ben Affleck Batman
100%
Henry Cavill Superman
100%
Gal Gadot Wonder Woman
96%
Amy Adams Lois Lane
82%
Jesse Eisenburg Lex Luthor
81%
Ezra Miller Barry Allen
54%
Jeremy Irons Alfred Pennyworth
46%
Jason Momoa Arthur Curry
44%
Diane Lane Martha Kent
44%
Laurecne Fishburne Perry White
40%
Chris Pine Steve Trevor
40%
Ray Fisher Victor Stone
39%
Michael Shannon General Zod
37%
Kevin Costner Jonathan Kent
30%
No matching quizzes found
Score Distribution
Percent of People with Each Score
Percentile by Number Answered
Your Score History
You have not taken this quiz